Investigaciones sobre medio ambiente /

Guardado en:
書目詳細資料
Autores Corporativos: FLACSO, Solidaridad para el Desarrollo y la Paz
格式: Texto
出版: La Habana: FLACSO; SODEPAZ
標簽: 添加標簽
沒有標簽, 成為第一個標記此記錄!

MARC

LEADER 00000 a a2200000 04500
001 24424
003
040
090 |a 175202  
110 |a FLACSO  
245 |a Investigaciones sobre medio ambiente /  |c FLACSO  
260 |a La Habana:   |b FLACSO; SODEPAZ  
300 |a 39 p  
710 |a Solidaridad para el Desarrollo y la Paz  
999 |c 12416  |d 12416